ZÁŤAŽOVÉ CHARAKTERISTIKY TRAKTORA FENDT 926 VARIO PRE SIMULÁCIU NA EXPERIMENTÁLNOM ZARIADENÍ

Bibliographic Details
Main Authors: Kosiba, Ján, 1983- (Author), Varga, František (Author), Mojžiš, Miroslav, 1942- (Author), Bureš, Ľubomír (Author)
Format: Article
Language:Slovak

MARC

LEADER 00000nab a2200000 a 4500
001 vtls011112768
003 SK-MaSNL
005 20260303150612.0
008 230222|2012 xo |||||||||||||||||slo|
015 |a SNBRB 
035 |a (uuid)25a02941-71a0-43ab-a49a-4b943ee9aaaf 
035 |a (urnnbn)urn:nbn:sk:snk:ar-a08gop 
035 |a urn:nbn:sk:snk-ab9j82 
040 |a SNKBUCL  |b slo  |c SNKBUCL  |e AACR2 
041 0 |a slo 
044 |a xo  |c SK 
100 1 |a Kosiba, Ján,  |d 1983-  |4 aut  |9 169877 
245 1 0 |a ZÁŤAŽOVÉ CHARAKTERISTIKY TRAKTORA FENDT 926 VARIO PRE SIMULÁCIU NA EXPERIMENTÁLNOM ZARIADENÍ  |c Ján Kosiba, František Varga, Miroslav Mojžiš, Ľubomír Bureš 
246 3 |a LOAD CHARACTERISTICS OF TRACTOR FENDT 926 VARIO FOR SIMULATION ON THE EXPERIMENTAL DEVICE 
700 1 |a Varga, František  |4 aut  |9 437642 
700 1 |a Mojžiš, Miroslav,  |d 1942-  |4 aut  |9 201300 
700 1 |a Bureš, Ľubomír  |4 aut  |9 702740 
773 0 |t Acta Facultatis technicae Zvolen : vedecký časopis Fakulty environmentálnej a výrobnej techniky  |g Roč. 17, č. 2 (2012), s. 63-72 
954 |a odborná, vedecká literatúra pôvodná (slovenská)  |2 lita 
958 |a OND 
958 |a EUIPO 
958 |a article13 
999 |c 2011949  |d 2013879